=LDR 00000nam 2200000 4500 =001 INLIS000000000026898 =005 20130612125320 =008 ***********************************Ind** =035 ##$$0010-061300000026898 =041 ##$$a Ind =082 ##$$a 323.607 =090 ##$$a 323.607, Sri p =100 ##$$a Sri Jutmini =245 ##$$a Pendidikan kewarganegaraan untuk kelas XI SMA dan MA, Sri Jutmini, Winarno ; editor Nurcahyati, =260 ##$$a 2007 $b Surakarta =300 ##$$a ...jil, ilus, 28 cm =650 ##$$a Kewarganegaraan-Pendidikan =850 ##$$a NBPNMAT